[Event "WYb16"]
[Site "Heraklio GRE"]
[Date "2002.11.23"]
[Round "10"]
[White "Wojtaszek,R"]
[Black "Pantsulaia,L"]
[Result "1/2-1/2"]
[WhiteElo "2452"]
[BlackElo "2450"]

1.d4 d5 2.Nf3 c6 3.c4 Nf6 4.Qc2 e6 5.Nbd2 Nbd7 6.g3 Be7 7.Bg2 O-O 8.O-O b6
9.Rd1 Ba6 10.b3 c5 11.e4 dxc4 12.Nxc4 cxd4 13.Nxd4 Rc8 14.Qe2 Qc7 15.Bf4 Bxc4
16.bxc4 e5 17.Nf5 Rfe8 18.Bg5 Bf8 19.Ne3 h6 20.Bxf6 Nxf6 21.Bh3 Rcd8 22.Nd5 Nxd5
23.cxd5 Bc5 24.Kg2 g6 25.Rac1 Kg7 26.a4 a5 27.Rc2 Qd6 28.Qb5 Rf8 29.Rcd2 Rde8
30.Qc6 Rd8 31.Rd3 f5 32.exf5 gxf5 33.Qxd6  1/2-1/2

[Event "30th Ann"]
[Site "Taastrup DEN"]
[Date "2002.11.24"]
[Round "3"]
[White "Raetsky,A"]
[Black "Hermansson,E"]
[Result "1-0"]
[WhiteElo "2423"]
[BlackElo "2370"]

1.d4 d5 2.c4 c6 3.Nf3 Nf6 4.g3 e6 5.Bg2 Nbd7 6.Qc2 dxc4 7.Qxc4 Bd6 8.Bf4 Qa5+
9.Nc3 Nb6 10.Qb3 Bxf4 11.gxf4 Nbd5 12.e3 Qb6 13.Qc2 Qa6 14.Ne5 Bd7 15.Qe2 Qa5
16.Qd2 Rc8 17.Rc1 Qa6 18.Qe2 Qb6 19.O-O O-O 20.Na4 Qc7 21.Nc5 Be8 22.b4 Qe7
23.a3 Kh8 24.Kh1 Rc7 25.Ncd3 Nd7 26.Rg1 f6 27.Nxd7 Rxd7 28.Be4 Nb6 29.Rg3 Nc8
30.Nc5 Rd8 31.Rcg1 g6 32.Rh3 e5 33.dxe5 fxe5 34.Qb2 Nd6 35.Qxe5+ Qxe5 36.fxe5 Nc4
37.f4 b6 38.Ne6 Bd7 39.Bxg6 Kg8 40.Bf5+  1-0

[Event "1st Ilijas Subasic Mem"]
[Site "Zenica BIH"]
[Date "2002.12.12"]
[Round "5"]
[White "Bajramovic,H"]
[Black "Pataki,G"]
[Result "0-1"]
[WhiteElo "2275"]
[BlackElo "2348"]

1.d4 d5 2.c4 c6 3.Qc2 Nf6 4.Nf3 dxc4 5.Qxc4 Bf5 6.Ne5 e6 7.f3 b5 8.Qc3 Nd5
9.Qd2 Bxb1 10.a3 Bg6 11.e4 Nb6 12.Qf2 Bd6 13.Nd3 N8d7 14.h4 f6 15.h5 Bf7
16.f4 e5 17.fxe5 fxe5 18.Qg3 Qf6 19.d5 cxd5 20.Bg5 Qe6 21.Be2 dxe4 22.Nf2 Qb3
23.Qh4 Qxb2 24.Rd1 Bxa3 25.Bc1 Qb4+ 26.Bd2 Qa4 27.Nxe4 Be7 28.Qg4 Bd5 29.Bf3 Nf6
30.Qxg7 Bxe4 31.Rh4 Rg8 32.Qh6 Ng4 33.Qe6 Qc4 34.Qxg4 Rxg4 35.Rxg4 Bxf3 36.Rxc4 Nxc4
37.gxf3  0-1

[Event "Friendship B"]
[Site "Roznov CZE"]
[Date "2002.12.13"]
[Round "8"]
[White "Volodin,V"]
[Black "Alfred,N"]
[Result "1/2-1/2"]
[WhiteElo "2281"]
[BlackElo "2251"]

1.Nf3 Nf6 2.c4 c6 3.d4 d5 4.Qc2 g6 5.e3 Bg7 6.Bd3 O-O 7.Nbd2 Na6 8.a3 Nd7
9.O-O e5 10.cxd5 cxd5 11.Nxe5 Nxe5 12.dxe5 Qb6 13.b4 Bxe5 14.Bb2 Bxb2 15.Qxb2 Nc5
16.Bc2 Rd8 17.Nf3 Bg4 18.Ne5 Be6 19.Rfd1 Ne4 20.Qd4 Qxd4 21.Rxd4 Nc3 22.Kf1 a5
23.bxa5 Rxa5 24.Rb4 Rda8 25.Rxb7 Rxa3 26.Rb8+ Rxb8 27.Rxa3 d4 28.Nc6 Rb2
29.Nxd4 Bc4+ 30.Ke1 Nb5 31.Nxb5 Bxb5 32.Ra8+ Kg7 33.Rb8 Rxc2 34.Rxb5 h5 35.h4 f5
36.Rb1 Kf6 37.Rb6+ Kf7 38.g3 Ra2 39.Rd6 Rb2 40.Rd2 Rb3 41.Ke2 Kf6 42.Kf3 Ra3
43.Rd6+ Kg7 44.Kf4 Ra4+ 45.Rd4 Ra2 46.Rd7+ Kf6 47.Rd6+ Kf7 48.Kg5 Rxf2 49.Rf6+ Ke7
50.Rxg6 Rf3 51.Kxh5 Rxe3 52.Kh6 Kf7 53.h5 Rf3 54.Kh7 Ra3 55.Rg7+ Kf6 56.h6 Rb3
57.Kh8 Ra3 58.Rg8 Ra7 59.Rb8 Kg6 60.Rb6+ Kf7 61.Kh7 Ra3 62.Rb7+ Kf6 63.Rb8 Rxg3
64.Rf8+ Ke6 65.Rg8 f4 66.Rg7 Rh3 67.Rg4 Kf5 68.Rg6 Ra3 69.Rg8 f3 70.Rf8+ Kg5
71.Rf7 f2 72.Rxf2 Ra7+  1/2-1/2

[Event "TSGM Dec"]
[Site "Belgrade YUG"]
[Date "2002.12.21"]
[Round "1"]
[White "Stojanovic,Mih"]
[Black "Matulovic,M"]
[Result "1/2-1/2"]
[WhiteElo "2472"]
[BlackElo "2423"]

1.Nf3 Nf6 2.c4 c6 3.d4 d5 4.Qc2 dxc4 5.Qxc4 Bf5 6.Nc3 e6 7.g3 Nbd7 8.Bg2 Be7
9.O-O O-O 10.Bf4 Ne4 11.Rfd1 Nxc3 12.Qxc3 Be4 13.Bf1 Bxf3 14.Qxf3 Bg5 15.b4 Bxf4
16.Qxf4 a5 17.Rab1 axb4 18.Rxb4 Qb8 19.Qxb8 Rfxb8 20.Rdb1 b5 21.Bg2 Rc8 22.Rc1 Rxa2
23.e3 Ra5  1/2-1/2

[Event "ch-Donetsk Region"]
[Site "Donetsk UKR"]
[Date "2003.01.09"]
[Round "2"]
[White "Berezin,O"]
[Black "Ivanov,O UKR"]
[Result "1/2-1/2"]
[WhiteElo "2446"]
[BlackElo "2474"]

1.d4 d5 2.Nf3 Nf6 3.c4 c6 4.Qb3 dxc4 5.Qxc4 Bf5 6.Nc3 Nbd7 7.g3 e6 8.Bg2 Be7
9.O-O O-O 10.e3 Ne4 11.Nd2 Nxc3 12.bxc3 e5 13.Qe2 Be6 14.a4 Qc7 15.Ba3 Bxa3
16.Rxa3 Rfd8 17.Rb1 Rac8 18.a5 b6 19.axb6 axb6 20.Rba1 Qd6 21.Ra7 exd4 22.cxd4 c5
23.Ne4 Qf8 24.Ng5 cxd4 25.Nxe6 fxe6 26.exd4 Qf6 27.Rd1 Nf8 28.d5 exd5 29.Bxd5+ Kh8
30.Rf7 Qg6 31.Qf3 h6 32.Kg2 Nh7 33.Bb7 Rxd1 34.Bxc8 Rd8 35.Bb7 Qd6 36.h4 Nf6
37.Qf5 Rd7 38.Rxd7 Qxd7 39.Qxd7  1/2-1/2

[Event "TCh-BEL 2002-3"]
[Site "Belgium BEL"]
[Date "2003.01.12"]
[Round "6"]
[White "Van Heirzeele,D"]
[Black "Groffen,H"]
[Result "1/2-1/2"]
[WhiteElo "2231"]
[BlackElo "2180"]

1.d4 d5 2.c4 c6 3.Nf3 Nf6 4.Qb3 e6 5.g3 Be7 6.Bg2 O-O 7.O-O b6 8.Nc3 Ba6
9.cxd5 cxd5 10.Ne5 Qe8 11.Bf4 Nc6 12.Nxc6 Qxc6 13.Rfc1  1/2-1/2

[Event "Odessa Region Open"]
[Site "Odessa UKR"]
[Date "2003.01.17"]
[Round "8"]
[White "Drozdovskij,Y"]
[Black "Fingerov,D"]
[Result "1-0"]
[WhiteElo "2447"]
[BlackElo "2374"]

1.d4 d5 2.c4 c6 3.Nf3 Nf6 4.Qc2 g6 5.Bf4 Na6 6.Nbd2 Bf5 7.Qb3 Qb6 8.c5 Qxb3
9.axb3 Nh5 10.Bg3 f6 11.Ra4 e5 12.e3 Nc7 13.b4 Bg7 14.Be2 Kd7 15.Kd1 Rhe8
16.Bh4 g5 17.g4 Be6 18.gxh5 gxh4 19.Rg1 Rg8 20.Nxh4 Bh6 21.Rg3 exd4 22.exd4 Nb5
23.Ndf3 a6 24.Bd3 Bf4 25.Rxg8 Bxg8 26.Ra1 Bf7 27.Bxh7 Bxh5 28.Ke2 Bg5 29.Bg6 Bxg6
30.Nxg6 Rg8 31.h4 Rxg6 32.hxg5 Kc7 33.Kd3 fxg5 34.Rg1 Rf6 35.Ke3 Rf4 36.Nxg5 Rh4
37.f4 Kd7 38.Nf3 Rh3 39.Rg7+ Ke6 40.Kf2 Rh1 41.Rxb7 Rb1 42.Kg3 Rxb2 43.Rb6 Rxb4
44.Rxc6+ Kf5 45.Rb6 Rc4 46.Rb7 Nxd4 47.Rf7+ Ke4 48.Nd2+ Kd3 49.Nxc4 dxc4
50.Rh7 c3 51.Rh1 c2 52.Kg4 a5 53.f5 a4 54.f6 a3 55.f7 Ne6 56.c6 a2 57.c7  1-0

[Event "TSGM Jan"]
[Site "Novi Sad YUG"]
[Date "2003.01.20"]
[Round "4"]
[White "Drazic,S"]
[Black "Marzolo,C"]
[Result "1/2-1/2"]
[WhiteElo "2462"]
[BlackElo "2480"]

1.d4 d5 2.Nf3 Nf6 3.c4 c6 4.Qb3 dxc4 5.Qxc4 Bf5 6.g3 e6 7.Bg2 Nbd7 8.O-O Be7
9.a4 a5 10.Nc3 O-O 11.Nh4 Bg4 12.h3 Bh5 13.g4 Nd5 14.Nf5 exf5 15.gxh5 Nb4
16.d5 Bd6 17.dxc6 bxc6 18.Rd1 Ne5 19.Qf4 g6 20.Qh6 Qf6 21.Bf4 Rfe8 22.Qg5 Qe6
23.Qg3 Rad8 24.e4 Ned3 25.exf5 Bxf4 26.fxe6 Bxg3 27.exf7+ Kxf7 28.hxg6+ hxg6
29.fxg3 Nxb2 30.Rf1+ Kg7 31.Ne4 N2d3 32.h4 c5 33.Ng5 Re7 34.Rf7+ Rxf7 35.Ne6+ Kh6
36.Nxd8 Rf2 37.Nb7 c4 38.Ra3 Rc2 39.Nxa5 c3 40.Nb3 Rb2 41.Nd4 c2 42.Nxc2 Rxc2
43.a5 Nc5 44.Bf1 Nba6 45.g4 Rd2 46.Re3 Ra2 47.Re5 Rxa5  1/2-1/2

[Event "3rd IM"]
[Site "Griesheim GER"]
[Date "2003.01.30"]
[Round "2"]
[White "Trichkov,V"]
[Black "Boidman,Y"]
[Result "1/2-1/2"]
[WhiteElo "2290"]
[BlackElo "2400"]

1.d4 d5 2.c4 c6 3.Nf3 Nf6 4.Qc2 g6 5.Bf4 dxc4 6.Qxc4 Bg7 7.e3 O-O 8.Be2 Qb6
9.Qc1 c5 10.dxc5 Qb4+ 11.Nbd2 Nfd7 12.Rb1 Nc6 13.O-O Qxc5 14.b4 Qxc1 15.Rfxc1 Nb6
16.b5 Na5 17.Be5 Bf5 18.Bxg7 Kxg7 19.e4 Bg4 20.h3 Bxf3 21.Bxf3 Rfd8 22.Nb3 Nxb3
23.axb3 e5 24.Rc7 Rd7 25.Rbc1 Rxc7 26.Rxc7 Rb8 27.Be2 Na8 28.Rd7 Nb6 29.Rc7 Na8
30.Rc5 Kf6 31.Bc4 Rd8 32.Kf1 Rd7 33.Ke2 Rc7 34.b4 b6 35.Rc6+ Rxc6 36.bxc6 Ke7
37.h4 Nc7 38.b5 f6 39.g3 Kd6 40.f4 Kc5 41.Kd3 h6 42.fxe5 fxe5 43.Kc3 g5 44.Bf1 Ne8
45.Bc4 Kd6 46.Be2 Nc7 47.hxg5 hxg5 48.Bc4 a6 49.bxa6 b5 50.Be2 Nxa6 51.Bxb5 Nc5
52.Kc4 Nxe4 53.c7 Kxc7 54.Kd5 Nxg3  1/2-1/2

[Event "National I"]
[Site "Bischwiller FRA"]
[Date "2003.02.01"]
[Round "2"]
[White "Nezar,M"]
[Black "Wirig,A"]
[Result "1-0"]
[WhiteElo "2320"]
[BlackElo "2347"]

1.d4 d5 2.c4 c6 3.Nf3 Nf6 4.Qc2 dxc4 5.Qxc4 Bf5 6.g3 Nbd7 7.Bg2 e6 8.O-O Be7
9.Nc3 O-O 10.e3 b5 11.Qe2 b4 12.Na4 Be4 13.Rd1 Qa5 14.b3 Nb6 15.Nxb6 axb6
16.Ne5 Bxg2 17.Kxg2 Qd5+ 18.f3 Rfc8 19.e4 Qd8 20.Be3 Nd7 21.Nd3 Ra7 22.Rac1 Qf8
23.Rc2 Rac7 24.Rdc1 Bd6 25.Bd2 f6 26.Rc4 b5 27.R4c2 e5 28.dxe5 fxe5 29.Be3 c5
30.Nf2 Rb8 31.Qd3 Nf6 32.Bg5 Be7 33.Bxf6 gxf6 34.Ng4 Qd8 35.Qe2 Rd7 36.Nh6+ Kg7
37.Nf5+ Kf7  1-0

[Event "National I"]
[Site "Montpellier FRA"]
[Date "2003.02.02"]
[Round "3"]
[White "Chernuschevich,A"]
[Black "Prie,E"]
[Result "0-1"]
[WhiteElo "2486"]
[BlackElo "2446"]

1.d4 d5 2.c4 c6 3.Nd2 Nf6 4.Ngf3 Bf5 5.Nh4 Be4 6.Qb3 Qb6 7.c5 Qc7 8.f3 Bg6
9.e4 e6 10.e5 Ng8 11.Nxg6 fxg6 12.Qe3 Nh6 13.f4 a5 14.Nf3 Be7 15.h4 b6 16.Ng5 Qd7
17.Bd3 bxc5 18.Nxh7 Nf5 19.Bxf5 gxf5 20.Qg3 cxd4 21.Qg6+ Kd8 22.Kf1 Na6 23.Qxg7 Kc7
24.Bd2 Rag8 25.Bxa5+ Kc8 26.Qf7 Rg4 27.Nf6 Bxf6 28.Qxf6 Rhg8 29.h5 Nc5 30.Rh2 Qb7
31.Bd2 Qb5+ 32.Ke1 Rxg2 33.Qf8+ Kb7 34.Qe7+ Ka6 35.Kd1 Qe2+  0-1

[Event "3rd GM"]
[Site "Griesheim GER"]
[Date "2003.02.03"]
[Round "6"]
[White "Grabarczyk,M"]
[Black "Krivoshey,S"]
[Result "1-0"]
[WhiteElo "2506"]
[BlackElo "2503"]

1.d4 d5 2.c4 c6 3.Nf3 Nf6 4.Qc2 dxc4 5.Qxc4 Bf5 6.g3 e6 7.Bg2 Nbd7 8.O-O Be7
9.Nc3 O-O 10.Re1 Ne4 11.Qb3 Qb6 12.Nh4 Bb4 13.Nxf5 exf5 14.Bxe4 fxe4 15.Rd1 Rfe8
16.Be3 Qa5 17.d5 c5 18.a4 Qb6 19.Nb5 Ba5 20.Qc2 a6 21.Na3 Qg6 22.Nc4 Bb4
23.a5 Rad8 24.Bf4 Nf6 25.d6 Qh5 26.Kg2 g5 27.Be3 g4 28.Kh1 Re6 29.Bf4 Nd5
30.Rxd5 Qxd5 31.Rd1 Qf5 32.Ne3 Qg6 33.Nc4 h5 34.Rd5 f6 35.Kg2 Qh7 36.Qd1 h4
37.gxh4 Qxh4 38.d7 Qh3+ 39.Kg1 Re7 40.Rd6  1-0

[Event "ch-CZE b18+20"]
[Site "Lahucovice CZE"]
[Date "2003.02.20"]
[Round "2"]
[White "Lahner,J"]
[Black "Galicek,S"]
[Result "1-0"]
[WhiteElo "2241"]
[BlackElo "2176"]

1.d4 d5 2.c4 c6 3.Nf3 Nf6 4.Qc2 e6 5.g3 Bd6 6.Bg2 Nbd7 7.O-O O-O 8.Bf4 Bxf4
9.gxf4 b6 10.Ne5 Bb7 11.Rd1 c5 12.Nc3 Rc8 13.Nb5 a6 14.Nd6 Rb8 15.Nxb7 Rxb7
16.dxc5 Nxc5 17.Rd4 Qc8 18.b4 Ncd7 19.Qd2 Rc7 20.Rd1 Nxe5 21.fxe5 Nd7 22.cxd5 Nxe5
23.d6 Rc2 24.Qe3 Nd7 25.Qh3 Rc1 26.Be4 g6 27.Qe3 Rxd1+ 28.Rxd1 Qc4 29.a3 Rc8
30.Bb7 Rb8 31.Rc1 Qg4+ 32.Bg2 e5 33.Qh3 Qxh3 34.Bxh3 f5 35.e4 Rf8 36.Rc7 Nf6
37.d7  1-0

[Event "6th Open"]
[Site "Malaga ESP"]
[Date "2003.02.26"]
[Round "6"]
[White "Munoz Moreno,F"]
[Black "Rasmussen,K"]
[Result "0-1"]
[WhiteElo "2291"]
[BlackElo "2396"]

1.d4 d5 2.c4 c6 3.Nf3 Nf6 4.Qc2 dxc4 5.Qxc4 Bf5 6.g3 e6 7.Bg2 Be7 8.O-O O-O
9.a4 Na6 10.Nc3 Nb4 11.Bg5 a5 12.Bxf6 Bxf6 13.e4 Bg6 14.Rad1 Qb6 15.Qe2 Rfd8
16.e5 Be7 17.Rd2 Bh5 18.Rfd1 Bg5  0-1

[Event "Open"]
[Site "Cappelle la Grande FRA"]
[Date "2003.02.27"]
[Round "7"]
[White "Raetsky,A"]
[Black "Vysochin,S"]
[Result "1/2-1/2"]
[WhiteElo "2444"]
[BlackElo "2554"]

1.d4 d5 2.c4 c6 3.Nf3 Nf6 4.Qc2 g6 5.Bf4 Bf5 6.Qb3 Qb6 7.e3 Bxb1 8.Rxb1 Nbd7
9.Bd3 Qxb3 10.axb3 Bg7 11.O-O Ng8 12.Ne5 dxc4  1/2-1/2

[Event "10th Metalis Open"]
[Site "Bizovac CRO"]
[Date "2003.02.28"]
[Round "5"]
[White "Martic,Z"]
[Black "Martinovic,Sa"]
[Result "1-0"]
[WhiteElo "2253"]
[BlackElo "2007"]

1.d4 d5 2.c4 c6 3.Nf3 Nf6 4.Qc2 Ne4 5.Nc3 Nxc3 6.Qxc3 e6 7.g3 dxc4 8.Qxc4 b5
9.Qc2 Bb4+ 10.Bd2 Bxd2+ 11.Qxd2 Bb7 12.Bg2 Nd7 13.Rc1 O-O 14.O-O Qb6 15.Qc2 h6
16.Rfd1 a5 17.Ne1 Rac8 18.Nd3 Rfd8 19.e3 Rc7 20.Nc5 Ba8 21.Rd2 Nxc5 22.Qxc5 Qxc5
23.Rxc5 a4 24.Rdc2 Rdc8 25.Bf1  1-0

[Event "X Anibal Open"]
[Site "Linares ESP"]
[Date "2003.03.01"]
[Round "2"]
[White "Riazantsev,A"]
[Black "Teran Alvarez,I"]
[Result "1/2-1/2"]
[WhiteElo "2538"]
[BlackElo "2404"]

1.d4 d5 2.c4 c6 3.Nf3 Nf6 4.Qc2 dxc4 5.Qxc4 e6 6.Bg5 Be7 7.Nbd2 O-O 8.e3 h6
9.Bh4 b6 10.Be2 c5 11.dxc5 Ba6 12.Qc2 Bxe2 13.Kxe2 Na6 14.Bxf6 Bxf6 15.Ne4 Nxc5
16.Rhd1 Qe7 17.Nxf6+ Qxf6 18.b4 Na6 19.Qc4 Qb2+ 20.Kf1 Qa3 21.Rd3  1/2-1/2

[Event "11th Fajr Open"]
[Site "Tehran IRI"]
[Date "2003.03.01"]
[Round "4"]
[White "Akbarinia,S"]
[Black "Sadeghi,S"]
[Result "1-0"]
[WhiteElo "2256"]
[BlackElo "2204"]

1.d4 d5 2.Nf3 Nf6 3.c4 c6 4.Qc2 e6 5.Nbd2 Be7 6.g3 O-O 7.Bg2 Re8 8.O-O Nbd7
9.Rd1 Qc7 10.e4 dxc4 11.Nxc4 Nb6 12.Bf4 Qd8 13.Ncd2 Nh5 14.Be3 f5 15.Ne5 Nf6
16.a3 Bd7 17.f3 Qc7 18.Rac1 Rad8 19.b4 a6 20.Qb3 Bc8 21.exf5 Nbd5 22.fxe6 Bxe6
23.Ndc4 Nxe3 24.Qxe3 Nd5 25.Qf2 Rf8 26.Qe2 Qc8 27.Ne3 Nxe3 28.Qxe3 Rf6 29.f4 Rh6
30.d5 Bh3 31.Bf3 Bf8 32.dxc6 Rxd1+ 33.Bxd1 bxc6 34.Bb3+  1-0

[Event "ch-Serbia w"]
[Site "Dimitrovgrad YUG"]
[Date "2003.03.03"]
[Round "4"]
[White "Djukic,Sa"]
[Black "Vasic,M"]
[Result "0-1"]
[WhiteElo "2079"]
[BlackElo "2138"]

1.d4 d5 2.c4 c6 3.Qc2 Nf6 4.Nf3 e6 5.g3 Nbd7 6.Bg2 Bd6 7.O-O O-O 8.Nc3 Qe7
9.e4 Nxe4 10.Nxe4 dxe4 11.Qxe4 Nf6 12.Qe2 Bd7 13.Ne5 Rfd8 14.Bg5 h6 15.Bxf6 Qxf6
16.c5 Bf8 17.b4 Be8 18.Rfd1 Qe7 19.a4 f6 20.Nc4 Qf7 21.Bh3 Bd7 22.Ra3 e5
23.Bxd7 Rxd7 24.Ne3 exd4 25.Nc2 Rad8 26.Rad3 a5 27.R1d2 axb4 28.Nxd4 Bxc5
29.Nxc6 bxc6 30.Rxd7 Rxd7 31.Rxd7 Qxd7  0-1

[Event "Jch-RUS b20"]
[Site "Essentuki RUS"]
[Date "2003.03.03"]
[Round "2"]
[White "Torbin,K"]
[Black "Skorchenko,D"]
[Result "1/2-1/2"]
[WhiteElo "2387"]
[BlackElo "2436"]

1.d4 d5 2.Nf3 Nf6 3.c4 c6 4.Qc2 dxc4 5.Qxc4 Bf5 6.g3 e6 7.Bg2 Be7 8.O-O O-O
9.Nc3 Nbd7 10.e3 b5 11.Qxc6 Bd3 12.Rd1 Rc8 13.Qa6 Nb8 14.Qxa7 Nc6 15.Qb7 Na5
16.Qxc8 Qxc8 17.Rxd3 b4 18.Ne2 Qc2 19.Rd2 Qa4 20.Rd3 Qc2 21.Rd2 Qa4  1/2-1/2

[Event "1st Festival"]
[Site "Nancy FRA"]
[Date "2003.03.03"]
[Round "1"]
[White "David,Vi"]
[Black "Nezar,M"]
[Result "0-1"]
[WhiteElo "2356"]
[BlackElo "2320"]

1.d4 d5 2.c4 c6 3.Nf3 Nf6 4.g3 dxc4 5.Bg2 g6 6.a4 Bg7 7.O-O O-O 8.a5 Na6
9.Qa4 Be6 10.Rd1 Bd5 11.Nc3 b5 12.axb6 axb6 13.Bf4 b5 14.Qc2 Qc8 15.e4 Be6
16.Qd2 Rd8 17.Qe1 Nb4 18.Rxa8 Qxa8 19.d5 cxd5 20.exd5 Nbxd5 21.Nd4 Bg4 22.Ra1 Qc8
23.Ncxb5 Nxf4 24.gxf4 Nd5 25.Na7 Qc7 26.Ndc6 Nxf4 27.Nb5 Nxg2 28.Qe4 Qf4
29.Qxf4 Nxf4 30.Nxd8 Bxb2 31.Ra4 Be2 32.Nc6 Bf6 33.Na3 Nh3+ 34.Kg2 Nf4+ 35.Kg1 Nh3+
36.Kg2 Ng5 37.Ra8+ Kg7 38.Rc8 c3 39.Nc2 Ba6 40.Rc7 Bd3 41.N6b4 Be4+ 42.Kf1 Nf3
43.h3 Ng5 44.Ke2 Nxh3 45.Ke3 Bf5 46.Nd4 Bxd4+ 47.Kxd4 c2 48.f3 Nf4 49.Ke3 e5
50.Kd2 Ne6  0-1

[Event "Edda Rapid"]
[Site "Reykjavic ISL"]
[Date "2003.03.04"]
[Round "4"]
[White "Gurevich,M"]
[Black "Gretarsson,H"]
[Result "1-0"]
[WhiteElo "2634"]
[BlackElo "2516"]

1.d4 d5 2.c4 c6 3.Nf3 dxc4 4.e3 Be6 5.Nc3 h6 6.Be2 Nf6 7.O-O Nbd7 8.e4 Nb6
9.a4 a5 10.Be3 Bg4 11.Ne5 Bxe2 12.Qxe2 e6 13.d5 Nbd7 14.Nxc4 Bb4 15.dxe6 fxe6
16.e5 Nd5 17.h4 Qe7 18.Ne4 Kf8 19.Qg4 Kg8 20.Bd4 Nc5 21.f4 Rf8 22.Nf6+ Nxf6
23.exf6 Rxf6 24.Bxf6 Qxf6 25.Rad1 Kh7 26.h5 Qf5 27.Qxf5+ exf5 28.Kh2 Re8
29.Ne5  1-0

[Event "X Anibal Open"]
[Site "Linares ESP"]
[Date "2003.03.05"]
[Round "6"]
[White "Hoffman,A"]
[Black "Blehm,P"]
[Result "1/2-1/2"]
[WhiteElo "2506"]
[BlackElo "2526"]

1.d4 Nf6 2.Nf3 c6 3.c4 d5 4.Qb3 dxc4 5.Qxc4 Bf5 6.g3 e6 7.Bg2 Be7 8.O-O O-O
9.Bg5 Nbd7 10.Nc3 h6 11.Bxf6 Nxf6 12.Rac1 Rc8 13.Rfd1 Qa5 14.Qb3 Qb6 15.Ne5 Rfd8
16.Nc4 Qxb3 17.axb3 Bh7  1/2-1/2

[Event "Victor Ciocaltea Mem"]
[Site "Bucharest ROM"]
[Date "2003.03.07"]
[Round "4"]
[White "Ionescu,Co"]
[Black "Vajda,Al"]
[Result "1/2-1/2"]
[WhiteElo "2473"]
[BlackElo "2427"]

1.d4 d5 2.c4 c6 3.Nf3 Nf6 4.Qc2 dxc4 5.Qxc4 Bf5 6.g3 e6 7.Bg2 Be7 8.O-O O-O
9.e3 Nbd7 10.Qe2 c5 11.b3 cxd4 12.Nxd4 Be4 13.Nd2 Bxg2 14.Kxg2  1/2-1/2

[Event "36th Ladies GM"]
[Site "Belgrade YUG"]
[Date "2003.03.10"]
[Round "6"]
[White "Prudnikova,S"]
[Black "Chelushkina,I"]
[Result "1-0"]
[WhiteElo "2426"]
[BlackElo "2366"]

1.Nf3 d5 2.d4 c6 3.c4 Nf6 4.Qc2 g6 5.Bf4 Bg7 6.e3 O-O 7.Nc3 Na6 8.Be2 dxc4
9.Bxc4 b5 10.Be2 Nb4 11.Qd2 Nbd5 12.Nxd5 Nxd5 13.Be5 Bh6 14.O-O Be6 15.Rfc1 Rc8
16.Ne1 Nb6 17.b3 Nd7 18.Bg3 Nf6 19.Bf3 Bd5 20.Bxd5 Nxd5 21.Nd3 Qb6 22.Rc2 Rfd8
23.Qe2 b4 24.Rc4 a5 25.Qf3 Bg7 26.h4 Nc3 27.a3 Nd5 28.axb4 axb4 29.Rac1 Qb5
30.e4 Nb6 31.Rc5 Qa6 32.Nxb4 Qb7 33.Nxc6 Rf8 34.d5 Ra8 35.Rb5 Kh8 36.Qe3  1-0

[Event "Stroer Trophy"]
[Site "Cannes FRA"]
[Date "2003.03.10"]
[Round "3"]
[White "Zhao Xue"]
[Black "Milliet,S"]
[Result "1-0"]
[WhiteElo "2428"]
[BlackElo "2231"]

1.d4 d5 2.c4 c6 3.Nf3 Nf6 4.Qc2 dxc4 5.Qxc4 Bf5 6.g3 e6 7.Bg2 Be7 8.O-O Nbd7
9.Nc3 O-O 10.Bf4 Rc8 11.Qb3 b5 12.Nh4 Bg4 13.h3 Bh5 14.g4 Bg6 15.Nxg6 hxg6
16.Rfd1 Qb6 17.e3 a5 18.a3 a4 19.Qc2 c5 20.d5 e5 21.d6 Bxd6 22.Bh2 Bb8 23.g5 c4
24.gxf6 Nxf6 25.Nd5 Qe6 26.Nxf6+ gxf6 27.Bd5 Qf5 28.Qxf5 gxf5 29.Bb7 Rc7
30.Ba6 Rc5 31.Rd7 Bc7 32.Rad1 Ra8 33.Bb7 Ra7 34.Bd5 e4 35.Bxf7+ Kf8 36.Bxc7 Rcxc7
37.Be6 Ke8 38.Rxc7 Rxc7 39.Bxf5 c3 40.bxc3 Rxc3 41.Bxe4 Rxa3 42.Bc6+ Ke7
43.Bxb5 Ra2 44.Kg2 a3 45.Rd7+ Kf8 46.Ra7 Rb2 47.Bc4 Rc2 48.Bb3  1-0

[Event "Spring Open"]
[Site "Belgrade YUG"]
[Date "2003.03.31"]
[Round "7"]
[White "Scekic,M"]
[Black "Jovanovic,ST"]
[Result "1/2-1/2"]
[WhiteElo "2447"]
[BlackElo "2297"]

1.d4 d5 2.Nf3 c6 3.g3 Nf6 4.c4 dxc4 5.Bg2 Bg4 6.Ne5 Bh5 7.O-O e6 8.Nc3 Be7
9.h3 Nfd7 10.Nxc4 O-O 11.g4 Bg6 12.e4 Nb6 13.Na5 Qd7 14.a3 Na6 15.Qe2 c5
16.dxc5 Nxc5 17.Rd1 Qc8 18.Bf4 Rd8 19.b4 Nb3 20.Rxd8+ Bxd8 21.Nxb3 Qxc3 22.Qf3 Rc8
23.Qxc3 Rxc3 24.Nc5 Nc4 25.Nxb7 Bf6 26.Rc1 Nxa3  1/2-1/2

[Event "ch-VIE"]
[Site "Dong Thap VIE"]
[Date "2003.03.31"]
[Round "12"]
[White "Dao Thien Hai"]
[Black "Bui Vinh"]
[Result "1/2-1/2"]
[WhiteElo "2560"]
[BlackElo "2461"]

1.d4 d5 2.c4 c6 3.Nf3 Nf6 4.Qc2 e6 5.Bg5 Be7 6.Nbd2 Nbd7 7.e3 h6 8.Bf4 O-O
9.Be2 c5 10.dxc5 Nxc5 11.O-O Bd7 12.b4 Nce4 13.Nxe4 dxe4 14.Ne5 Bxb4 15.Rfd1 Qe7
16.Nxd7 Nxd7 17.Qxe4 Nf6 18.Qe5 Rac8 19.g4 b6 20.Rac1 Rc5 21.Qb2 Ra5 22.Rb1 Ba3
23.Qc2 Rc8 24.Bg3 Qb7 25.Qd2 Qe4 26.Rb5 Rxb5 27.cxb5 Bc5 28.Qd3 Qa4 29.Qb3 Qe4
30.h3 h5 31.gxh5 Qf5 32.Kh2 Nxh5 33.Bg4 Qg6 34.Be5 Qg5 35.f4 Qh4 36.Rg1 Rd8
37.Rg2 Nf6 38.Bf3 Kf8 39.Qc3 Qh6 40.Rd2 Rxd2+ 41.Qxd2 Ke7 42.a4 Qh8 43.a5 Nd7
44.Bc3 bxa5 45.Bxa5 Qb8 46.Bc6  1/2-1/2

[Event "Team Cup"]
[Site "Belgrade YUG"]
[Date "2003.04.04"]
[Round "1"]
[White "Pavlovic,Slo"]
[Black "Petkovic,S"]
[Result "0-1"]
[WhiteElo "2202"]
[BlackElo "2101"]

1.d4 d5 2.c4 dxc4 3.Nf3 c6 4.e3 b5 5.a4 e6 6.Nc3 Bb4 7.Be2 Nf6 8.O-O Bxc3
9.bxc3 O-O 10.Qc2 a6 11.e4 h6 12.Re1 Nbd7 13.Bf1 Nb6 14.a5 Nbd7 15.d5 cxd5
16.e5 Ne4 17.Ba3 Re8 18.Bb4 Qc7 19.Rad1 Nb8 20.Nd4 Nc6 21.Nxc6 Qxc6 22.Rd4 f6
23.exf6 Nxf6 24.g3 e5 25.Rh4 e4  0-1

[Event "National I"]
[Site "Besancon FRA"]
[Date "2003.04.06"]
[Round "6"]
[White "Georgiev,Ki"]
[Black "Fontaine,R"]
[Result "1/2-1/2"]
[WhiteElo "2647"]
[BlackElo "2527"]

1.d4 d5 2.c4 c6 3.Nf3 Nf6 4.Qc2 dxc4 5.Qxc4 Bf5 6.g3 e6 7.Nc3 Nbd7 8.Bg2 Be7
9.O-O O-O 10.e3 b5 11.Qe2 b4 12.Na4 Qa5 13.b3 Be4 14.Bb2 Nb6 15.Nxb6 axb6
16.Rfc1 Qh5 17.Qd1 Qd5 18.Ne1 Bxg2 19.Nxg2 Ra5 20.Nf4 Qe4 21.Rc4 Nd5 22.Qd3 Qxd3
23.Nxd3 c5 24.e4 Nf6 25.dxc5 bxc5 26.a4 bxa3 27.Rxa3 Rb5 28.Ne5 Rc8 29.Bc3 Bd6
30.Nxf7 Kxf7 31.e5 Be7 32.exf6 Bxf6 33.b4 cxb4 34.Ra7+ Kg6 35.Rxc8 Bxc3 36.Rcc7 b3
37.Rab7 Rxb7 38.Rxb7 b2 39.Rb5 Bd4 40.Kg2 e5 41.Kf3 Kf5 42.h3 h5 43.Ke2 g5
44.Rb3 g4 45.hxg4+ hxg4 46.f3  1/2-1/2

[Event "National I"]
[Site "Bordeaux FRA"]
[Date "2003.04.07"]
[Round "7"]
[White "Efimov,I"]
[Black "Berthelot,Y"]
[Result "1-0"]
[WhiteElo "2477"]
[BlackElo "2311"]

1.d4 d5 2.c4 c6 3.Qc2 Nf6 4.Nf3 g6 5.Bf4 Bf5 6.Qb3 Qb6 7.c5 Qxb3 8.axb3 Bxb1
9.Rxb1 Nbd7 10.b4 a6 11.Ra1 Bg7 12.Rg1 Nh5 13.Bd2 e5 14.g4 e4 15.gxh5 exf3
16.e3 O-O 17.Rg3 Nf6 18.hxg6 fxg6 19.Rxf3 Ng4 20.Be2 Rxf3 21.Bxf3 Nxh2 22.Bg2 Rf8
23.Ke2 Ng4 24.f3 Nh6 25.Be1 Nf5 26.Bf2 Re8 27.Kd3 Bf6 28.Rh1 Kg7 29.Bh3 Bh4
30.Bg1 Bg5 31.Rh2 Nh4 32.Ke2 h5 33.Bf2 Kh6 34.Rh1 Nf5 35.Kd3 Nh4 36.e4 Nxf3
37.exd5 cxd5 38.Bg2 Nd2 39.Bxd5 Re7 40.Rd1 Rd7 41.Be6 Re7 42.d5 Nf3 43.Bg3 Bf6
44.Rf1 Ne5+ 45.Kc2 Kg7 46.Re1 Nf3 47.Rd1 Nd4+ 48.Rxd4 Bxd4 49.Bc8 g5 50.d6 Rf7
51.Bxb7 Rxb7 52.c6 Rb6 53.c7 Rc6+ 54.Kd3 Bb6 55.Ke4 Bxc7 56.dxc7 h4 57.Be5+ Kg6
58.Kd5 Rxc7 59.Bxc7 Kf5 60.Kd4 Kg4 61.Ke4 Kh3 62.Kf3 g4+ 63.Kf2 g3+ 64.Kf3 Kh2
65.Kg4 Kh1 66.Bxg3 hxg3 67.Kxg3 Kg1 68.Kf3 Kf1 69.Ke3 Ke1 70.b5  1-0

[Event "Seniorsko"]
[Site "Nisa YUG"]
[Date "2003.04.10"]
[Round "2"]
[White "Djukic,Z YUG"]
[Black "Perunovic,L"]
[Result "1-0"]
[WhiteElo "2423"]
[BlackElo "2171"]

1.d4 d5 2.c4 c6 3.Nf3 Nf6 4.Qc2 g6 5.Bf4 dxc4 6.e4 b5 7.a4 a6 8.Nbd2 Bg7
9.b3 cxb3 10.Nxb3 O-O 11.axb5 cxb5 12.Bxb5 Bb7 13.Bd3 Nc6 14.Ra4 a5 15.Nc5 Qb6
16.O-O Nb4 17.Qb1 Bc6 18.Ra3 Nd7 19.Nxd7 Bxd7 20.d5 Bb5 21.Bxb5 Qxb5 22.Be5 Rfc8
23.Bxg7 Kxg7 24.Qb2+ Kg8 25.Qd2 Qc5 26.Qh6 Nxd5 27.exd5 f6 28.Rd3 a4 29.Rd4 Rf8
30.Rc1 Qb6 31.Rh4 Rf7 32.Rxa4  1-0

[Event "TCh-CZE 2002-3"]
[Site "Czech Rep CZE"]
[Date "2003.04.13"]
[Round "11"]
[White "Jirka,J"]
[Black "Cech,P"]
[Result "1/2-1/2"]
[WhiteElo "2370"]
[BlackElo "2331"]

1.d4 Nf6 2.c4 c6 3.Nf3 d5 4.g3 Bf5 5.Nc3 e6 6.Nh4 Be4 7.f3 Bg6 8.Qb3 Qb6
9.Qxb6 axb6 10.e4 dxe4 11.Nxg6 hxg6 12.Nxe4 Nxe4 13.fxe4 Bb4+ 14.Bd2 Na6  1/2-1/2

[Event "34th Norwegian Open"]
[Site "Oslo NOR"]
[Date "2003.04.17"]
[Round "6"]
[White "Grotnes,N"]
[Black "Hersvik,D"]
[Result "0-1"]
[WhiteElo "2260"]
[BlackElo "2304"]

1.d4 d5 2.c4 c6 3.Nf3 Nf6 4.Qb3 a6 5.a4 g6 6.e3 Bg7 7.Nc3 O-O 8.Bd3 b6 9.cxd5 cxd5
10.Ne5 Bb7 11.a5 b5 12.Bd2 Nbd7 13.f4 Ne4 14.Bxe4 dxe4 15.Nb1 Rc8 16.O-O Nxe5
17.fxe5 Bd5 18.Qa3 f6 19.exf6 exf6 20.Bb4 Rf7 21.Nd2 f5 22.Rac1 f4 23.Rxc8 Qxc8
24.Rf2 Qg4 25.Nf1 Qd1 26.Qc3 Bc4 27.Qd2 fxe3 28.Qxd1 exf2+ 29.Kh1 Bxf1 30.Qxf1 e3
31.Be1 Bxd4 32.Bxf2 exf2 33.g3 Re7  0-1